000 00701cab a2200217 4500
001 X2895
008 090401t1995 xxu||||| |||| 00| 0 eng d
035 _a(Sirsi) u27107
041 _aeng
245 _aDent v Dent
260 _c1995
350 _a0
490 _aNew Property Cases
_v(1995) NPC 194(2)
520 _aAn occupational voluntary and irrevocable licence to hold land for life is held not to be a life estate for the purposes of the Settled Land Act 1925. (Headnote taken from journal). NO PHOTOCOPYING ALLOWED.
650 _aCREATION OF SETTLEMENT
650 _aLIFE INTEREST
650 _aRIGHT OF OCCUPATION
690 _aLAND-CASE LAW
942 _n0
948 _c04/03/1997
999 _c18254
_d18254